000 00525nam a2200169Ia 4500
008 240428s9999||||xx |||||||||||||| ||und||
020 _a0749424648
041 _aeng
082 _a338.6P
100 _aPerkins, J. Stephen
245 0 _aInternationalization-the people dimension: human resource strategies for global expansion.
260 _bKogan Page Limited
_aLondon
_c1997
300 _a304p, tabs, photos, illus.
650 _aEmployees -- Recruiting. - Employment in foreign countries.
942 _cBK
999 _c575
_d575